000
00284nam a22001337a 4500
008
170302b xxu||||| |||| 00| 0 eng d
020
_a
9780697422965
041
_a
eng
080
_2
3RD
_a
575
100
_a
6
101
_a
SHM
245
_a
HUMAN GENETICS
_c
LEWIS, R
942
_2
udc
_c
BK
999
_c
6599
_d
6599